00495 2200181 4500001002100000005001500021035002000036245006900056100002000125260003100145300003000176020002200206084001400228082000800242650001000250008004100260990001200301INLIS00000000000271920251007092850 a0010-09250000661 aMenulis Artikel Opini & Kolom di Mendia Massa /cKunjana Rahardi aKunjana Rahardi aJakarta :bErlangga,c2012 a146 hlm ;c(17,5 x 25 cm) a978-979-099-885-8 a600 KUN m a600 4aFiksi251007 0  a0754921